000
00335cam a2200145ua 4500
041
_a
eng
_h
082
_a
320.4
_b
MAL/EL
100
_a
Mallik, B R.
245
_a
Elementry civics /
_c
Malliick.
_h
Textual Documents
260
_a
:
_b
S.Chand & Sons ,
_c
1946.
300
_a
172 ; .
504
_a
942
_c
BK
999
_c
11987
_d
11987